Statistics for Number One Albums in the UK in the 21st Century.

Click here to take the quiz!

General Stats

  • This quiz has been taken 1,022 times
  • The average score is 85 of 369

Answer Stats

Answer% Correct
Adele
76%
Beyonce
70%
One Direction
69%
Oasis
66%
Coldplay
65%
Kanye West
64%
Take That
64%
Michael Jackson
62%
The Beatles
61%
Eminem
59%
Robbie Williams
59%
Rihanna
56%
Madonna
55%
Blur
54%
Elton John vs. Pnau
51%
Lady Gaga
50%
Joss Stone
49%
U2
49%
George Michael
48%
Katy Perry
48%
Alicia Keys
47%
Girls Aloud
47%
Ed Sheeran
45%
Justin Timberlake
45%
Leona Lewis
45%
Westlife
45%
Arctic Monkeys
43%
P!nk
40%
Taylor Swift
40%
Boyzone
35%
David Bowie
34%
Destiny's Child
34%
Kylie Minogue
34%
Will Young
34%
Cheryl Cole
32%
JLS
32%
Justin Bieber
32%
The Killers
32%
Christina Aguilera
31%
Craig David
31%
Gary Barlow & The Commonwealth Band
31%
Radiohead
31%
Tom Jones
31%
ABBA
30%
Norah Jones
30%
Lana Del Rey
29%
Alexandra Burke
28%
Green Day
28%
Amy Winehouse
27%
Calvin Harris
27%
Foo Fighters
27%
Kaiser Chiefs
26%
Whitney Houston
26%
AC/DC
25%
Elvis Presley
25%
Bruno Mars
24%
McFly
24%
Muse
24%
Kings of Leon
23%
S Club 7
23%
50 Cent
22%
Blue
22%
Celine Dion
22%
James Blunt
22%
Metallica
22%
Sugababes
22%
Bruce Springsteen
21%
Kasabian
21%
Stereophonics
21%
Usher
21%
Gorillaz
20%
Keane
20%
Olly Murs
20%
Steps
20%
Travis
20%
Maroon 5
19%
Red Hot Chili Peppers
19%
Shayne Ward
19%
Snow Patrol
19%
Chris Brown
18%
Lily Allen
18%
Noel Gallagher's High Flying Birds
18%
Rita Ora
18%
Ronan Keating
18%
Sting & The Police
18%
Atomic Kitten
17%
Franz Ferdinand
17%
Jack White
17%
Rod Stewart
17%
Bon Jovi
16%
Ellie Goulding
16%
Guns N' Roses
16%
Nicki Minaj
16%
Dido
15%
Duffy
15%
Iron Maiden
15%
Michael Buble
15%
Mumford and Sons
15%
R.E.M.
15%
Susan Boyle
15%
The Verve
15%
Black Sabbath
14%
Bob Dylan
14%
Daft Punk
14%
Emeli Sande
14%
Florence + the Machine
14%
Florence + The Machine
14%
The Strokes
14%
Shania Twain
13%
The Script
13%
The White Stripes
13%
Hear'Say
12%
James Morrison
12%
Paul Weller
12%
Phil Collins
12%
The Kooks
12%
Tinie Tempah
12%
All Saints
11%
Arcade Fire
11%
Avril Lavigne
11%
Bastille
11%
David Gray
11%
Linkin Park
11%
Natasha Bedingfield
11%
Razorlight
11%
Scissor Sisters
11%
Macy Gray
10%
Eagles
9%
Katie Melua
9%
Kelly Rowland
9%
Nickelback
9%
Steve Brookstein
9%
The Corrs
9%
The Prodigy
9%
Jack Johnson
8%
Mika
8%
Paolo Nutini
8%
Texas
8%
The Libertines
8%
Akon
7%
Ash
7%
Avril Lavigne
7%
Biffy Clyro
7%
Jake Bugg
7%
Morrissey
7%
Paramore
7%
Santana
7%
Scouting For Girls
7%
The xx
7%
Vera Lynn
7%
Barbra Streisand
6%
Enrique Iglesias
6%
Example
6%
Limp Bizkit
6%
Slipknot
6%
The Streets
6%
Corinne Bailey Rae
5%
Gabrielle
5%
Kate Nash
5%
Moby
5%
Plan B
5%
Sandi Thom
5%
The Chemical Brothers
5%
The Enemy
5%
Diana Vickers
4%
Embrace
4%
Evanescence
4%
Glee Cast
4%
Gnarls Barkley
4%
Hard-Fi
4%
Lostprophets
4%
Red Hot Chili Peppers
4%
Shaggy
4%
The Darkness
4%
The Vaccines
4%
Tom Odell
4%
Amy MacDonald
3%
Anastacia
3%
Brandon Flowers
3%
D12
3%
Disclosure
3%
Eva Cassidy
3%
Faithless
3%
G4
3%
Jamiroquai
3%
Massive Attack
3%
Neil Diamond
3%
Orson
3%
Paul Potts
3%
Pendulum
3%
Ray Quinn
3%
Richard Ashcroft
3%
Rudimental
3%
The Feeling
3%
The Ting Tings
3%
The View
3%
Athlete
2%
Basshunter
2%
Doves
2%
Editors
2%
Marina & the Diamonds
2%
Newton Faulkner
2%
The Hoosiers
2%
The Last Shadow Puppets
2%
Tony Christie
2%
Traveling Wilburys
2%
Basement Jaxx
1%
Conor Maynard
1%
David Gilmour
1%
Journey South
1%
Military Wives
1%
Natalie Imbruglia
1%
Nero
1%
Scooter
1%
Staind
1%
White Lies
1%
Caro Emerald
0%
II Divo
0%
Motion Picture Cast Recording
0%
The Coral
0%

Score Distribution

Percentile by Number Answered

Percent of People with Each Score

Your Score History

You have not taken this quiz